El orden y el tiempo / (Record no. 18480)

MARC details
000 -LEADER
campo de control de longitud fija 00825nam a2200265 i 4500
001 - NÚMERO DE CONTROL
campo de control 18480
003 - IDENTIFICADOR DE NÚMERO DE CONTROL
campo de control ES-MaACL
005 - FECHA Y HORA DE LA ÚLTIMA TRANSACCIÓN
campo de control 20250801131150.0
007 - CAMPO FIJO DE DESCRIPCIÓN FÍSICA--INFORMACIÓN GENERAL
campo de control de longitud fija t|
008 - DATOS DE LONGITUD FIJA--INFORMACIÓN GENERAL
campo de control de longitud fija 011107s1998 sp ||||0| spa j
020 ## - NÚMERO INTERNACIONAL ESTÁNDAR DEL LIBRO
Número Internacional Estándar del Libro 84-8164-228-2
040 ## - FUENTE DE CATALOGACIÓN
Centro catalogador/agencia de origen M-BN
Lengua de catalogación spa
Centro/agencia transcriptor M-BN
080 ## - NÚMERO DE LA CLASIFICACIÓN DECIMAL UNIVERSAL
Número de la Clasificación Decimal Universal 929 Gramsci, Antonio
080 ## - NÚMERO DE LA CLASIFICACIÓN DECIMAL UNIVERSAL
Número de la Clasificación Decimal Universal 1 Gramsci, Antonio
100 1# - ENTRADA PRINCIPAL--NOMBRE DE PERSONA
Nombre de persona Sacristán, Manuel,
Fechas asociadas al nombre 1925-1985
9 (RLIN) 101268
245 13 - MENCIÓN DEL TÍTULO
Título El orden y el tiempo /
Mención de responsabilidad, etc. Manuel Sacristán ; presentación y edición de Albert Domingo Curto.
260 ## - PUBLICACIÓN, DISTRIBUCIÓN, ETC.
Lugar de publicación, distribución, etc. Madrid :
Nombre del editor, distribuidor, etc. Trotta,
Fecha de publicación, distribución, etc. [1998]
300 ## - DESCRIPCIÓN FÍSICA
Extensión 178 p ;
Dimensiones 20 cm.
490 1# - MENCIÓN DE SERIE
Mención de serie Mínima Trotta
600 14 - PUNTO DE ACCESO ADICIONAL DE MATERIA--NOMBRE DE PERSONA
Nombre de persona Gramsci, Antonio,
Fechas asociadas al nombre 1891-1937
9 (RLIN) 241506
700 1# - ENTRADA AGREGADA--NOMBRE PERSONAL
Nombre de persona Domingo Curto, Albert.
9 (RLIN) 45134
830 0# - PUNTO DE ACCESO ADICIONAL DE SERIE-TÍTULO UNIFORME
Título uniforme Mínima Trotta
9 (RLIN) 180223
852 ## - LOCALIZACIÓN
Ubicación ES-MaACL
Número de control de estantería L-25105
Sublocalización o colección R.130560
Holdings
Estatus retirado Estado de pérdida Estado de daño No para préstamo Biblioteca de origen Biblioteca actual Ubicación en estantería Fecha de adquisición Fuente de adquisición Total de préstamos Signatura topográfica completa Código de barras Visto por última vez Precio de reemplazo Tipo de ítem Koha
        Biblioteca del Ateneo de Madrid Biblioteca del Ateneo de Madrid Depósito 2 17/01/2008     L-25105 1018906 23/02/2023 23/02/2023 Libro impreso